[Event "Treviso TWE op-B 31st"]
[Site "Treviso"]
[Date "2007.12.08"]
[Round "2.12"]
[White "Simionato, Alex"]
[Black "Bressan, Andrea"]
[Result "1-0"]
[WhiteElo "1542"]
[BlackElo "1386"]
[PlyCount "95"]
[EventDate "2007.12.07"]
[EventType "swiss"]
[EventRounds "5"]
[EventCountry "ITA"]
[SourceTitle "EXT 2024"]
[Source "ChessBase"]
[SourceDate "2023.10.10"]
[SourceVersion "1"]
[SourceVersionDate "2023.10.10"]
[SourceQuality "1"]

1. d4 Nf6 2. c4 g6 3. Nc3 Bg7 4. e4 d6 5. f4 0-0 6. Nf3 c5 7. d5 Qa5 8. Bd2 Qd8 9. Be2 Bg4 10. 0-0 Nbd7 11. Ne1 Bxe2 12. Qxe2 Rb8 13. Rb1 Ne8 14. Nf3 f6 15. a3 Nc7 16. f5 g5 17. g4 Qe8 18. h4 gxh4 19. Nxh4 Ne5 20. Rf2 Rf7 21. Rg2 Kh8 22. g5 fxg5 23. Bxg5 b5 24. cxb5 Nxb5 25. Nxb5 Rxb5 26. Nf3 Nxf3+ 27. Qxf3 Bd4+ 28. Kh1 c4 29. b3 c3 30. Qd3 Be5 31. a4 Rb8 32. Bh6 Qd8 33. Rbg1 Qc7 34. Qb5 Rc8 35. Qc6 Qxc6 36. dxc6 Bd4 37. Rg8+ Rxg8 38. Rxg8+ Kxg8 39. c7 Bg7 40. Bxg7 Kxg7 41. c8Q d5 42. Qxc3+ Kf8 43. Qc8+ Kg7 44. exd5 h5 45. b4 Kf6 46. Qe6+ Kg7 47. b5 h4 48. a5 1-0

[Event "Treviso TWE op-B 31st"]
[Site "Treviso"]
[Date "2007.12.07"]
[Round "1.7"]
[White "Sorbera, Giovanni"]
[Black "Simionato, Alex"]
[Result "1-0"]
[WhiteElo "1689"]
[BlackElo "1542"]
[PlyCount "86"]
[EventDate "2007.12.07"]
[EventType "swiss"]
[EventRounds "5"]
[EventCountry "ITA"]
[SourceTitle "EXT 2024"]
[Source "ChessBase"]
[SourceDate "2023.10.10"]
[SourceVersion "1"]
[SourceVersionDate "2023.10.10"]
[SourceQuality "1"]

1. e4 e5 2. Nf3 Nc6 3. c3 Nf6 4. d4 exd4 5. e5 Ng8 6. cxd4 d5 7. Be2 Nge7 8. Nc3 Ng6 9. Qb3 Bb4 10. 0-0 Bxc3 11. bxc3 0-0 12. Ne1 Rb8 13. f4 Nce7 14. Ba3 Re8 15. Bb5 Bd7 16. Bxe7 Nxe7 17. Bd3 Bf5 18. Qc2 Qd7 19. Rf3 Bxd3 20. Nxd3 Qf5 21. Nb4 Qxc2 22. Nxc2 b6 23. f5 c5 24. Ne3 cxd4 25. cxd4 Nc6 26. Rd1 Rbd8 27. Rg3 b5 28. f6 g6 29. Nf5 a6 30. Nd6 Re6 31. Rc3 Na5 32. Rc7 Rf8 33. Nc8 Rd8 34. Ne7+ Kf8 35. Rc5 Rxe7 36. fxe7+ Kxe7 37. Rf1 Nc4 38. Rc7+ Rd7 39. Rxd7+ Kxd7 40. Rxf7+ Kd8 41. Rxh7 a5 42. Rg7 Ne3 43. Rxg6 Ke7 1-0